LIBRARY & INFORMATION CENTRE, KCAET, TAVANUR

ONLINE PUBLIC ACCESS CATALOGUE (OPAC)

Watershed management (Record no. 13691)

MARC details
000 -LEADER
fixed length control field 00273nam a22001217a 4500
020 ## - INTERNATIONAL STANDARD BOOK NUMBER
ISBN 9788190719827
082 ## - DEWEY DECIMAL CLASSIFICATION NUMBER
Classification number 551.492
Item number JOH/WA
100 ## - MAIN ENTRY--AUTHOR NAME
Personal name John, Romila
245 ## - TITLE STATEMENT
Title Watershed management
260 ## - PUBLICATION, DISTRIBUTION, ETC. (IMPRINT)
Place of publication New Delhi
Name of publisher Alfa Publications
Year of publication 2009
300 ## - PHYSICAL DESCRIPTION
Number of Pages 280
942 ## - ADDED ENTRY ELEMENTS (KOHA)
Koha item type Books
Holdings
Withdrawn status Lost status Damaged status Collection code Home library Current library Shelving location Date acquired Source of acquisition Cost, normal purchase price Full call number Accession Number Koha item type
      Non-fiction KAUAET KAUAET General Stacks 31/03/2012 Cosmo Books, Calicut 695.00 551.492 JOH/WA 22956 Books
      Non-fiction KAUAET KAUAET General Stacks 31/03/2012 Penta Book Distributors, Calicut 695.00 551.492 JOH/WA 22638 Books
free website counter